| 000 | 00671nam a22002057a 4500 | ||
|---|---|---|---|
| 999 |
_c13735 _d13735 |
||
| 003 | AR-CdUCM | ||
| 008 | 190416b ||||| |||| 00| 0 spa d | ||
| 040 |
_aMUNICIPALIDAD PROVINCIAL DEL CUSCO _cBIBLIOTECA MUNICIPAL DEL CUSCO |
||
| 082 |
_aC / 867.41 / _bE92 |
||
| 100 |
_aEstrada Serrano, Hector _916731 |
||
| 245 |
_aUn "jachchi" de poemas : _bJuli ciudad eterna cuna de la libertad de pensamiento / |
||
| 260 |
_aPuno : _bLaykakota, _c1975. |
||
| 300 |
_a86 páginas ; _c21 cm. |
||
| 500 | _aDedicatoria para Luis Nieto. | ||
| 505 | _aPoesía. | ||
| 650 |
_aPoesía. _9139 |
||
| 650 |
_aPoesía de Puno. _932249 |
||
| 942 |
_2ddc _cLIBROS |
||
| 945 |
_awfj _d2019-04-16 |
||